[Event "164 Stay Safe Play From Home"]
[Site "T#646250Emanuel Laske"]
[Date "2020.05.22"]
[Round "3"]
[White "Tavares"]
[Black "SecantFX"]
[Result "0-1"]
[WhiteElo "1773"]
[BlackElo "1902"]
[Annotator "RC"]
[PlyCount "80"]
[EventDate "2020.05.22"]
[EventType "swiss (blitz)"]

1. e4 {[%emt 0:00:04]} d5 {[%emt 0:00:03]} 2. exd5 {[%emt 0:00:01]} Qxd5 {[%emt 0:00:00]} 3. c4 {[%emt 0:00:00]} Qa5 {[%emt 0:00:00]} 4. Nc3 {[%emt 0:00:02]} c6 {[%emt 0:00:00]} 5. d4 {[%emt 0:00:00]} Qc7 {[%emt 0:00:00]} 6. Nf3 {[%emt 0:00:01]} Bf5 {[%emt 0:00:00]} 7. g3 {[%emt 0:00:00]} Bg6 {[%emt 0:00:01]} 8. Bg2 {[%emt 0:00:01]} e6 {[%emt 0:00:00]} 9. Ne5 {[%emt 0:00:00]} Nf6 {[%emt 0:00:01]} 10. O-O {[%emt 0:00:01]} Bd6 {[%emt 0:00:01]} 11. f4 {[%emt 0:00:00]} O-O {[%emt 0:00:01]} 12. Be3 {[%emt 0:00:01]} Nbd7 {[%emt 0:00:01]} 13. h3 {[%emt 0:00:01]} Ne8 {[%emt 0:00:01]} 14. Qf3 {[%emt 0:00:03]} Nxe5 {[%emt 0:00:01]} 15. fxe5 {[%emt 0:00:01]} Be7 {[%emt 0:00:01]} 16. g4 {[%emt 0:00:02]} f5 {[%emt 0:00:01]} 17. exf6 {[%emt 0:00:03]} Nxf6 {[%emt 0:00:01]} 18. Bf4 {[%emt 0:00:01]} Qb6 {[%emt 0:00:01]} 19. Qe2 {[%emt 0:00:06]} Qxd4+ {[%emt 0:00:02]} 20. Kh1 {[%emt 0:00:02]} Bc5 {[%emt 0:00:02]} 21. Qxe6+ {[%emt 0:00:02]} Kh8 {[%emt 0:00:02]} 22. Be5 {[%emt 0:00:01]} Qd3 {[%emt 0:00:07]} 23. Bxf6 {[%emt 0:00:02]} Rxf6 {[%emt 0:00:02]} 24. Rxf6 {[%emt 0:00:01]} gxf6 {[%emt 0:00:01]} 25. Qxf6+ {[%emt 0:00:00]} Kg8 {[%emt 0:00:01]} 26. Rf1 {[%emt 0:00:06]} Rf8 {[%emt 0:00:02]} 27. Qe6+ {[%emt 0:00:07]} Kg7 {[%emt 0:00:01]} 28. Rxf8 {[%emt 0:00:02]} Bxf8 {[%emt 0:00:00]} 29. Qe5+ {[%emt 0:00:02]} Kh6 {[%emt 0:00:02]} 30. Be4 {[%emt 0:00:01]} Qe3 {[%emt 0:00:05]} 31. g5+ {[%emt 0:00:03]} Qxg5 {[%emt 0:00:02]} 32. Qxg5+ {[%emt 0:00:02]} Kxg5 {[%emt 0:00:01]} 33. Bxg6 {[%emt 0:00:01]} hxg6 {[%emt 0:00:00]} 34. Kg2 {[%emt 0:00:00]} Kh4 {[%emt 0:00:00]} 35. Ne4 {[%emt 0:00:01]} Bg7 {[%emt 0:00:00]} 36. b3 {[%emt 0:00:01]} Bd4 {[%emt 0:00:01]} 37. Nd6 {[%emt 0:00:01]} c5 {[%emt 0:00:00]} 38. Nxb7 {[%emt 0:00:01]} a5 {[%emt 0:00:01]} 39. Nxa5 {[%emt 0:00:00]} Bc3 {[%emt 0:00:01]} 40. Nc6 {[%emt 0:00:00]} Bb4 {[%emt 0:00:00] Time (Lag: Av=0.52s, max=1.1s) .} 0-1

[Event "164 Stay Safe Play From Home"]
[Site "T#646250Emanuel Laske"]
[Date "2020.05.22"]
[Round "4"]
[White "Rogan"]
[Black "Fischer_11"]
[Result "1-0"]
[WhiteElo "2280"]
[BlackElo "2076"]
[Annotator "NA RC"]
[PlyCount "125"]
[EventDate "2020.05.22"]
[EventType "swiss (blitz)"]

1. d4 {[%emt 0:00:01]} e5 {[%emt 0:00:01]} 2. c3 {[%emt 0:00:00]} Nc6 {[%emt 0:00:01]} 3. dxe5 {[%emt 0:00:01]} Nxe5 {[%emt 0:00:01]} 4. Nf3 {[%emt 0:00:00]} Qe7 {[%emt 0:00:01]} 5. Nxe5 {[%emt 0:00:01]} Qxe5 {[%emt 0:00:00]} 6. Qd4 {[%emt 0:00:01]} Qh5 {[%emt 0:00:00]} 7. Bf4 {[%emt 0:00:03]} d6 {[%emt 0:00:01]} 8. e3 {[%emt 0:00:01]} Nf6 {[%emt 0:00:01]} 9. Be2 {[%emt 0:00:01]} Bg4 {[%emt 0:00:01]} 10. Bxg4 {[%emt 0:00:06]} Qxg4 {[%emt 0:00:00]} 11. Bg3 {[%emt 0:00:02]} Qxd4 {[%emt 0:00:01]} 12. cxd4 {[%emt 0:00:00]} Be7 {[%emt 0:00:00]} 13. Nc3 {[%emt 0:00:01]} c6 {[%emt 0:00:01]} 14. Rc1 {[%emt 0:00:02]} d5 {[%emt 0:00:00]} 15. O-O {[%emt 0:00:01]} h5 {[%emt 0:00:02]} 16. h3 {[%emt 0:00:01]} g5 {[%emt 0:00:01]} 17. Be5 {[%emt 0:00:00]} Rg8 {[%emt 0:00:04]} 18. Bxf6 {[%emt 0:00:01]} Bxf6 {[%emt 0:00:01]} 19. g4 {[%emt 0:00:00]} hxg4 {[%emt 0:00:02]} 20. hxg4 {[%emt 0:00:00]} Rh8 {[%emt 0:00:00]} 21. Kg2 {[%emt 0:00:00]} Ke7 {[%emt 0:00:01]} 22. Rh1 {[%emt 0:00:00]} Ke6 {[%emt 0:00:00]} 23. f3 {[%emt 0:00:02]} Kd6 {[%emt 0:00:05]} 24. Ne2 {[%emt 0:00:01]} b6 {[%emt 0:00:02]} 25. b4 {[%emt 0:00:01]} a5 {[%emt 0:00:01]} 26. bxa5 {[%emt 0:00:04]} Rxa5 {[%emt 0:00:02]} 27. Rxh8 {[%emt 0:00:01]} Bxh8 {[%emt 0:00:00]} 28. Rc2 {[%emt 0:00:00]} Ra3 {[%emt 0:00:01]} 29. Kf2 {[%emt 0:00:01]} c5 {[%emt 0:00:01]} 30. Ng3 {[%emt 0:00:03]} cxd4 {[%emt 0:00:02]} 31. Nf5+ {[%emt 0:00:00]} Ke5 {[%emt 0:00:01]} 32. exd4+ {[%emt 0:00:00]} Ke6 {[%emt 0:00:01]} 33. Rc6+ {[%emt 0:00:01]} Kd7 {[%emt 0:00:01]} 34. Rxb6 {[%emt 0:00:00]} Rxa2+ {[%emt 0:00:01]} 35. Kg3 {[%emt 0:00:01]} Ra7 {[%emt 0:00:05]} 36. Rd6+ {[%emt 0:00:01]} Kc7 {[%emt 0:00:02]} 37. Rxd5 {[%emt 0:00:00]} Ra4 {[%emt 0:00:01]} 38. Rc5+ {[%emt 0:00:04]} Kb6 {[%emt 0:00:02]} 39. Rd5 {[%emt 0:00:02]} Kc6 {[%emt 0:00:01]} 40. Rd6+ {[%emt 0:00:01]} Kc7 {[%emt 0:00:01]} 41. Rh6 {[%emt 0:00:03]} Bxd4 {[%emt 0:00:00]} 42. Nxd4 {[%emt 0:00:00]} Rxd4 {[%emt 0:00:00]} 43. Rh7 {[%emt 0:00:00]} Rd7 {[%emt 0:00:02]} 44. Rg7 {[%emt 0:00:01]} Kd6 {[%emt 0:00:00]} 45. Rxg5 {[%emt 0:00:01]} Ke7 {[%emt 0:00:00]} 46. Rf5 {[%emt 0:00:00]} Ke6 {[%emt 0:00:01]} 47. Rf4 {[%emt 0:00:00]} f6 {[%emt 0:00:00]} 48. Re4+ {[%emt 0:00:00]} Kf7 {[%emt 0:00:00]} 49. Re3 {[%emt 0:00:00]} Rd1 {[%emt 0:00:00]} 50. f4 {[%emt 0:00:00]} Rg1+ {[%emt 0:00:01]} 51. Kf3 {[%emt 0:00:00]} Rf1+ {[%emt 0:00:00]} 52. Ke4 {[%emt 0:00:00]} Rb1 {[%emt 0:00:00]} 53. f5 {[%emt 0:00:00]} Rb4+ {[%emt 0:00:00]} 54. Kf3 {[%emt 0:00:00]} Rb3 {[%emt 0:00:01]} 55. Rxb3 {[%emt 0:00:01]} Ke7 {[%emt 0:00:00]} 56. Rb6 {[%emt 0:00:00]} Kf7 {[%emt 0:00:01]} 57. Re6 {[%emt 0:00:00]} Kg7 {[%emt 0:00:00]} 58. Kg3 {[%emt 0:00:00]} Kh7 {[%emt 0:00:00]} 59. Kh4 {[%emt 0:00:00]} Kg7 {[%emt 0:00:00]} 60. Kh5 {[%emt 0:00:01]} Kf7 {[%emt 0:00:00]} 61. Kh6 {[%emt 0:00:00]} Kf8 {[%emt 0:00:01]} 62. Kg6 {[%emt 0:00:00]} Kg8 {[%emt 0:00:02]} 63. Rxf6 {[%emt 0:00:00] ' (Lag: Av=0.62s, max=1.1s)} 1-0

[Event "164 Stay Safe Play From Home"]
[Site "T#646250Emanuel Laske"]
[Date "2020.05.22"]
[Round "4"]
[White "BrainThinker22"]
[Black "Mepe_Nika"]
[Result "1/2-1/2"]
[WhiteElo "2256"]
[BlackElo "2372"]
[Annotator "NA RC"]
[PlyCount "78"]
[EventDate "2020.05.22"]
[EventType "swiss (blitz)"]

1. e4 {[%emt 0:00:01]} e5 {[%emt 0:00:01]} 2. Nf3 {[%emt 0:00:00]} Nc6 {[%emt 0:00:00]} 3. d4 {[%emt 0:00:00]} exd4 {[%emt 0:00:01]} 4. Bc4 {[%emt 0:00:00]} Nf6 {[%emt 0:00:00]} 5. e5 {[%emt 0:00:00]} Ne4 {[%emt 0:00:00]} 6. O-O {[%emt 0:00:00]} Be7 {[%emt 0:00:01]} 7. Re1 {[%emt 0:00:00]} Nc5 {[%emt 0:00:00]} 8. c3 {[%emt 0:00:01]} dxc3 {[%emt 0:00:00]} 9. Nxc3 {[%emt 0:00:00]} O-O {[%emt 0:00:01]} 10. Be3 {[%emt 0:00:02]} d6 {[%emt 0:00:01]} 11. Bxc5 {[%emt 0:00:01]} dxc5 {[%emt 0:00:01]} 12. Qe2 {[%emt 0:00:00]} Bg4 {[%emt 0:00:02]} 13. Rad1 {[%emt 0:00:01]} Nd4 {[%emt 0:00:01]} 14. Qe4 {[%emt 0:00:01]} Bxf3 {[%emt 0:00:01]} 15. gxf3 {[%emt 0:00:00]} c6 {[%emt 0:00:01]} 16. Ne2 {[%emt 0:00:02]} Qb6 {[%emt 0:00:02]} 17. Nxd4 {[%emt 0:00:01]} cxd4 {[%emt 0:00:00]} 18. Qxd4 {[%emt 0:00:00]} Bc5 {[%emt 0:00:02]} 19. Qd2 {[%emt 0:00:01]} Rad8 {[%emt 0:00:01]} 20. Qe2 {[%emt 0:00:00]} Bd4 {[%emt 0:00:03]} 21. b3 {[%emt 0:00:01]} Bc3 {[%emt 0:00:02]} 22. Rf1 {[%emt 0:00:02]} Rxd1 {[%emt 0:00:01]} 23. Rxd1 {[%emt 0:00:00]} Rd8 {[%emt 0:00:01]} 24. Rxd8+ {[%emt 0:00:01]} Qxd8 {[%emt 0:00:00]} 25. e6 {[%emt 0:00:01]} fxe6 {[%emt 0:00:02]} 26. Qxe6+ {[%emt 0:00:00]} Kh8 {[%emt 0:00:00]} 27. Kg2 {[%emt 0:00:01]} Bf6 {[%emt 0:00:01]} 28. Qf5 {[%emt 0:00:03]} g6 {[%emt 0:00:04]} 29. Qf4 {[%emt 0:00:02]} Kg7 {[%emt 0:00:01]} 30. Qe4 {[%emt 0:00:03]} Qe7 {[%emt 0:00:01]} 31. Qxe7+ {[%emt 0:00:01]} Bxe7 {[%emt 0:00:01]} 32. f4 {[%emt 0:00:00]} Kf6 {[%emt 0:00:01]} 33. Kf3 {[%emt 0:00:00]} Bd6 {[%emt 0:00:01]} 34. Bd3 {[%emt 0:00:01] BrainThinker22 offers a draw} b6 {[%emt 0:00:02]} 35. h3 {[%emt 0:00:01]} c5 {[%emt 0:00:01]} 36. Ba6 {[%emt 0:00:02]} h6 {[%emt 0:00:01]} 37. Bd3 {[%emt 0:00:01]} g5 {[%emt 0:00:01]} 38. fxg5+ {[%emt 0:00:00]} hxg5 {[%emt 0:00:00]} 39. Kg4 {[%emt 0:00:00] Mepe_Nika offers a draw} Bf4 {[%emt 0:00:01] (Lag: Av=0.38s, max=0.9s)} 1/2-1/2

[Event "164 Stay Safe Play From Home"]
[Site "T#646250Emanuel Laske"]
[Date "2020.05.22"]
[Round "4"]
[White "Toosieslide"]
[Black "Weltszmerc"]
[Result "0-1"]
[WhiteElo "2250"]
[BlackElo "2015"]
[Annotator "TA"]
[PlyCount "78"]
[EventDate "2020.05.22"]
[EventType "swiss (blitz)"]

{[%evp 13,78,11,22,2,23,0,0,-8,0,-5,0,-5,0,0,0,0,28,25,36,35,42,35,70,18,64,0,0,0,0,0,0,0,0,-53,-56,-70,-80,-566,-558,-550,-525,-513,-408,-500,-400,-502,-410,-1083,-1053,-1023,-933,-1014,-991,-1275,-1178,-1502,-1505,-1484,-1447,-1348,-1317,-1998,-1286,-1261,-841,-29992,-29993]} 1. d4 Nf6 2. c4 b6 3. Nc3 Bb7 4. f3 d5 5. cxd5 Nxd5 6. e4 Nxc3 7. bxc3 e6 8. Be3 {A50: Queen's Fianchetto Defence (1 d4 Nf6 2 c4 b6).} Be7 9. Bd3 O-O 10. Ne2 {The position is equal.} c5 11. O-O cxd4 12. cxd4 Nc6 13. Rc1 Nb4 14. Bc4 {[#]} a6 $146 ({Predecessor:} 14... Qd7 15. Nc3 Rac8 16. Qe2 Rxc4 17. Qxc4 Ba6 18. Qb3 Bxf1 19. Rxf1 Rc8 {0-1 (51) Weiler,D (2117)-Gazic,J (2283) Werther 2013}) 15. a3 Nc6 {[%cal Bb4c6,Bc6a5,Ba5c4][%mdl 32]} 16. d5 exd5 17. Bxd5 Rc8 18. Qb3 ({White should try} 18. Ng3 $14) 18... Na5 19. Qxb6 (19. Rxc8 $14 Qxc8 20. Qxb6 Bxd5 21. Qxa5 (21. exd5 Nc4 $11)) 19... Qxb6 $11 20. Bxb6 Bxd5 21. exd5 Nc4 22. Bd4 Bxa3 23. Ra1 (23. Rc2 $11) 23... Rfd8 $15 24. Rfb1 Rxd5 25. Rc1 $2 {[%mdl 8192] White does not recover from this.} (25. Rb3 $17 {is tougher.}) 25... Bxc1 $19 26. Rxc1 Nd6 {[#] Hoping for ...Rxc1+.} 27. Ra1 a5 28. Kf2 Rb5 29. Ke3 Rc2 30. Nf4 (30. Kd3 $142 Rc8 31. Nc3) 30... Rb3+ 31. Nd3 Nf5+ 32. Ke4 Nxd4 33. Kxd4 Rd2 34. Rxa5 Rdxd3+ 35. Ke4 g6 36. Ra2 Kg7 37. Ke5 Re3+ 38. Kf4 Ra3 39. Kg3 Rxa2 {Accuracy: White = 44%, Black = 80%.} 0-1

[Event "164 Stay Safe Play From Home"]
[Site "T#646250Emanuel Laske"]
[Date "2020.05.22"]
[Round "4"]
[White "SoulofWolf"]
[Black "Emresenar"]
[Result "1-0"]
[WhiteElo "2116"]
[BlackElo "1730"]
[Annotator "RC"]
[PlyCount "65"]
[EventDate "2020.05.22"]
[EventType "swiss (blitz)"]

1. d4 {[%emt 0:00:00]} b6 {[%emt 0:00:01]} 2. Nf3 {[%emt 0:00:00]} Bb7 {[%emt 0:00:00]} 3. c4 {[%emt 0:00:01]} g6 {[%emt 0:00:00]} 4. g3 {[%emt 0:00:01]} Bg7 {[%emt 0:00:00]} 5. Bg2 {[%emt 0:00:00]} Nf6 {[%emt 0:00:02]} 6. O-O {[%emt 0:00:00]} d6 {[%emt 0:00:01]} 7. Nc3 {[%emt 0:00:00]} O-O {[%emt 0:00:01]} 8. Bg5 {[%emt 0:00:03]} Nbd7 {[%emt 0:00:01]} 9. Re1 {[%emt 0:00:01]} c5 {[%emt 0:00:01]} 10. e3 {[%emt 0:00:01]} h6 {[%emt 0:00:03]} 11. Bxf6 {[%emt 0:00:01]} Nxf6 {[%emt 0:00:02]} 12. Rc1 {[%emt 0:00:00]} Rc8 {[%emt 0:00:02]} 13. b3 {[%emt 0:00:01]} a6 {[%emt 0:00:01]} 14. Qd3 {[%emt 0:00:04]} cxd4 {[%emt 0:00:06]} 15. exd4 {[%emt 0:00:01]} Qd7 {[%emt 0:00:03]} 16. Re2 {[%emt 0:00:01]} d5 {[%emt 0:00:03]} 17. Rf1 {[%emt 0:00:05]} Rfd8 {[%emt 0:00:04]} 18. Rfe1 {[%emt 0:00:02]} e6 {[%emt 0:00:01]} 19. Ne5 {[%emt 0:00:01]} Qd6 {[%emt 0:00:04]} 20. Na4 {[%emt 0:00:03]} dxc4 {[%emt 0:00:02]} 21. Nxc4 {[%emt 0:00:03]} Qc7 {[%emt 0:00:09]} 22. Naxb6 {[%emt 0:00:03]} Bxg2 {[%emt 0:00:03]} 23. Kxg2 {[%emt 0:00:00]} Rb8 {[%emt 0:00:02]} 24. Na4 {[%emt 0:00:03]} Nd5 {[%emt 0:00:01]} 25. Qf3 {[%emt 0:00:06]} Nf6 {[%emt 0:00:02]} 26. Rd1 {[%emt 0:00:01]} Nd5 {[%emt 0:00:01]} 27. Red2 {[%emt 0:00:01]} Qc6 {[%emt 0:00:02]} 28. h4 {[%emt 0:00:01]} Nf6 {[%emt 0:00:02]} 29. Ne5 {[%emt 0:00:02]} Qxf3+ {[%emt 0:00:02]} 30. Nxf3 {[%emt 0:00:02]} Nd7 {[%emt 0:00:00]} 31. d5 {[%emt 0:00:02]} f6 {[%emt 0:00:00]} 32. dxe6 {[%emt 0:00:01]} Ne5 {[%emt 0:00:00]} 33. Rxd8+ {[%emt 0:00:01] (Lag: Av=0.50s, max=1.0s)} 1-0

[Event "164 Stay Safe Play From Home"]
[Site "T#646250Emanuel Laske"]
[Date "2020.05.22"]
[Round "4"]
[White "Lazieri3"]
[Black "Trotsky"]
[Result "1-0"]
[WhiteElo "2115"]
[BlackElo "1578"]
[Annotator "RC"]
[PlyCount "69"]
[EventDate "2020.05.22"]
[EventType "swiss (blitz)"]

1. e4 {[%emt 0:00:01]} c5 {[%emt 0:00:01]} 2. Nc3 {[%emt 0:00:00]} e6 {[%emt 0:00:00]} 3. d3 {[%emt 0:00:00]} d5 {[%emt 0:00:01]} 4. Nf3 {[%emt 0:00:00]} Nc6 {[%emt 0:00:01]} 5. Bg5 {[%emt 0:00:01]} f6 {[%emt 0:00:01]} 6. Bh4 {[%emt 0:00:02]} g5 {[%emt 0:00:01]} 7. Bg3 {[%emt 0:00:01]} d4 {[%emt 0:00:01]} 8. Ne2 {[%emt 0:00:01]} h5 {[%emt 0:00:01]} 9. h3 {[%emt 0:00:01]} Bd6 {[%emt 0:00:01]} 10. Bxd6 {[%emt 0:00:01]} Qxd6 {[%emt 0:00:01]} 11. Qd2 {[%emt 0:00:00]} Bd7 {[%emt 0:00:02]} 12. g3 {[%emt 0:00:04]} O-O-O {[%emt 0:00:01]} 13. Bg2 {[%emt 0:00:01]} Nh6 {[%emt 0:00:01]} 14. a3 {[%emt 0:00:05]} Qc7 {[%emt 0:00:01]} 15. O-O-O {[%emt 0:00:01]} Kb8 {[%emt 0:00:02]} 16. Kb1 {[%emt 0:00:01]} Rc8 {[%emt 0:00:01]} 17. h4 {[%emt 0:00:02]} Qb6 {[%emt 0:00:00]} 18. hxg5 {[%emt 0:00:02]} Ng4 {[%emt 0:00:02]} 19. gxf6 {[%emt 0:00:01]} Nxf2 {[%emt 0:00:01]} 20. Ng5 {[%emt 0:00:01]} Nxh1 {[%emt 0:00:03]} 21. Rxh1 {[%emt 0:00:02]} Rc7 {[%emt 0:00:00]} 22. Bh3 {[%emt 0:00:01]} Rhc8 {[%emt 0:00:01]} 23. Nxe6 {[%emt 0:00:01]} c4 {[%emt 0:00:01]} 24. Nxc7 {[%emt 0:00:01]} Rxc7 {[%emt 0:00:01]} 25. dxc4 {[%emt 0:00:00]} Na5 {[%emt 0:00:12]} 26. Qb4 {[%emt 0:00:03]} Qc6 {[%emt 0:00:03]} 27. Bxd7 {[%emt 0:00:02]} Nxc4 {[%emt 0:00:02]} 28. Bxc6 {[%emt 0:00:01]} Rxc6 {[%emt 0:00:02]} 29. Rxh5 {[%emt 0:00:02]} d3 {[%emt 0:00:02]} 30. Rh8+ {[%emt 0:00:03]} Kc7 {[%emt 0:00:01]} 31. cxd3 {[%emt 0:00:02]} Ne3 {[%emt 0:00:01]} 32. Nd4 {[%emt 0:00:01]} Rb6 {[%emt 0:00:04]} 33. Nb5+ {[%emt 0:00:01]} Kc6 {[%emt 0:00:02]} 34. Nxa7+ {[%emt 0:00:02]} Kc7 {[%emt 0:00:04]} 35. Qe7# {[%emt 0:00:01] (Lag: Av=0.37s, max=0.8s)} 1-0

[Event "164 Stay Safe Play From Home"]
[Site "T#646250Emanuel Laske"]
[Date "2020.05.22"]
[Round "4"]
[White "Haxhi Baha"]
[Black "Hoffentlichreichts"]
[Result "0-1"]
[WhiteElo "1952"]
[BlackElo "2372"]
[Annotator "TA"]
[PlyCount "54"]
[EventDate "2020.05.22"]
[EventType "swiss (blitz)"]

{[%evp 9,54,47,75,36,40,0,16,0,46,44,43,33,42,38,45,44,47,35,41,-12,16,0,0,0,8,-510,-533,-1518,-1512,-1474,-1466,-1470,-1451,-1342,-518,-514,-418,-412,-393,-29987,-29988,-29988,-29989,-29989,-29989,-29990,-29991]} 1. e4 c6 2. Nc3 g6 3. Nf3 d5 4. d4 dxe4 5. Nxe4 Nf6 6. Nc3 {B15: Caro-Kann: 3 Nc3: 3...g6 and 3...dxe4 4 Nxe4 Nf6 5 Nxf6+ exf6.} (6. Bd3 {keeps more tension.} Nxe4 7. Bxe4 Bg7 8. O-O O-O 9. Re1) 6... Bg7 7. Bd3 O-O 8. h3 {[#] The position is equal.} Bf5 $146 ({Predecessor:} 8... Nbd7 9. O-O Nb6 10. Re1 Nbd5 11. Ne4 Nxe4 12. Bxe4 Nf6 13. Bd3 b6 14. Qe2 Re8 15. Ne5 Bb7 16. c3 c5 17. Bc4 e6 18. dxc5 bxc5 19. Bg5 Qc7 20. Rad1 Nd5 21. Ng4 {½-½ (42) Mendoza,R (2393)-Cadena Montoya,G (2191) Quibdo 2015}) 9. Bxf5 gxf5 10. O-O e6 11. Qd3 Nbd7 12. Bg5 Kh8 13. Qd2 Rg8 14. Bh6 ({Better is} 14. Rfe1 $14) 14... Qf8 15. Bxg7+ Qxg7 {[%csl Gg8][%cal Rg7g2]} 16. g3 Nh5 17. Rfe1 $2 {[%mdl 8192] [#] Loses the game.} (17. Kh2 $11) 17... Nxg3 $1 $19 {[%mdl 512] White must now prevent ...Ne4+.} 18. fxg3 Qxg3+ {[%mdl 64] Double Attack} 19. Kf1 Qxf3+ 20. Qf2 Qxh3+ 21. Ke2 Nf6 (21... Rg2 $142 22. Qxg2 Qxg2+ 23. Kd1 f4) 22. Rg1 Nd5 23. Nxd5 exd5 ({Much less strong is} 23... cxd5 24. Rh1 $19) 24. Rg7 $2 (24. Rh1 $19 Rae8+ 25. Kd2) 24... Rxg7 {Black mates.} 25. Rg1 Rxg1 26. Qxg1 Rg8 27. Qf2 {[#]} Rg2 $1 {Accuracy: White = 50%, Black = 70%.} 0-1

[Event "164 Stay Safe Play From Home"]
[Site "T#646250Emanuel Laske"]
[Date "2020.05.22"]
[Round "4"]
[White "SecantFX"]
[Black "Lamborghini"]
[Result "0-1"]
[WhiteElo "1913"]
[BlackElo "2175"]
[Annotator "TA"]
[PlyCount "126"]
[EventDate "2020.05.22"]
[EventType "swiss (blitz)"]

{[%evp 9,126,-150,-127,-126,-129,-145,-120,-122,-146,-172,-123,-181,-185,-198,-165,-198,-188,-259,-221,-258,-174,-183,-162,-147,-151,-159,-139,-163,-169,-212,-155,-230,-245,-263,-252,-422,-431,-726,-702,-1045,-1034,-1218,-1202,-1141,-763,-749,-710,-776,-729,-731,-732,-720,-721,-689,-655,-659,-647,-708,-695,-690,-678,-29970,-29971,-6315,-12797,-6315,-6315,-29981,-29982,-29981,-29982,-29982,-29982,-29985,-29986,-29990,-29991,-29991,-29992,-29992,-29992,-29993,-29994,-29994,-29995,-29996,-29997,-29997,-29988,-29989,-29990,-29990,-29991,-29991,-29991,-29991,-29991,-29991,-29992,-29992,-29993,-29994,-29995,-29995,-29989,-29989,-29987,-29987,-29988,-29988,-29989,-29989,-29989,-29989,-29990,-29990,-29991,-29992,-29993]} 1. g3 e5 2. Bg2 d5 3. f4 ({Predecessor:} 3. d3 Nc6 4. a3 a5 5. Nf3 h6 6. c4 dxc4 7. Qa4 Bd7 8. Qxc4 Bd6 9. O-O Nf6 10. b3 O-O 11. Bb2 Re8 {½-½ (43) Bartel,M (2639)-Bacrot,E (2679) chess.com INT 2020}) 3... exf4 4. gxf4 Bd6 5. d4 Qh4+ 6. Kf1 {A00: Irregular Openings.} Bxf4 7. Nf3 Qh6 8. Bxf4 {Black is better.} Qxf4 9. Nc3 c6 10. Qd3 (10. Qc1 $17 Qf5 11. h4) 10... Nf6 $19 11. e3 Qf5 12. Qe2 O-O 13. h3 (13. Ke1 {is a better defense.}) 13... Re8 14. Kg1 Na6 15. a3 Qd7 16. Re1 Nc7 17. Ne5 Qd6 18. Qf3 Ne6 19. h4 Re7 20. h5 (20. Qf2 $17) 20... h6 21. Qg3 Ng5 22. e4 $2 (22. Qf4) 22... dxe4 23. Nxe4 (23. Ne2 $142 c5 24. Ng4) 23... Nfxe4 24. Bxe4 Qxd4+ 25. Qe3 Qxe3+ 26. Rxe3 Nxe4 27. Rxe4 f6 28. Rhh4 Rxe5 29. Rxe5 fxe5 {[%mdl 4096] Endgame KRB-KR} 30. Re4 Bf5 31. Rxe5 Rf8 32. c3 Rf7 33. Re8+ Kh7 34. Re2 Bg4 35. Rf2 Rxf2 36. Kxf2 Bxh5 {KB-K3P} 37. Kg3 Bf7 38. Kh4 g5+ {Black mates.} 39. Kg4 Kg6 40. Kg3 Bd5 41. b4 b5 42. a4 bxa4 43. c4 Bxc4 44. b5 Bxb5 45. Kf2 a3 46. Ke3 a2 47. Kd4 a1=Q+ 48. Kc5 {[#]} Qd4+ $1 49. Kxd4 a5 50. Kc5 a4 51. Kb4 {[#]} a3 $1 {[%mdl 64] Promotion} 52. Kxa3 g4 53. Kb4 g3 54. Kc5 g2 55. Kb6 g1=Q+ 56. Ka5 {[#]} Qb6+ $1 57. Kxb6 Bc4 58. Kc5 Bd5 59. Kd6 Kf5 60. Kc5 Kf4 61. Kd4 h5 62. Kd3 h4 63. Ke2 h3 {Accuracy: White = 38%, Black = 63%.} 0-1

[Event "164 Stay Safe Play From Home"]
[Site "T#646250Emanuel Laske"]
[Date "2020.05.22"]
[Round "5"]
[White "Mepe_Nika"]
[Black "Rogan"]
[Result "1-0"]
[WhiteElo "2367"]
[BlackElo "2288"]
[Annotator "TA"]
[PlyCount "49"]
[EventDate "2020.05.22"]
[EventType "swiss (blitz)"]

{[%evp 13,48,18,19,5,32,23,13,22,100,37,127,52,109,62,53,45,156,152,358,360,304,-91,-90,-187,-183,-170,95,96,701,676,638,299,642,585,2406,2266,29999]} 1. e4 d5 2. exd5 Nf6 3. Bb5+ Bd7 4. Bc4 Bg4 5. f3 Bc8 6. Nc3 Nbd7 7. Qe2 Nb6 8. b3 {B01: Scandinavian Defence.} Nfxd5 9. Nxd5 Nxd5 10. Bb2 {[#] The position is equal.} Nf6 $146 (10... c6 $11 {keeps the balance.}) ({Predecessor:} 10... Bf5 11. O-O-O e6 12. g4 Bg6 13. h4 h5 14. g5 c6 15. Nh3 Qa5 16. a4 Bf5 {½-½ (55) Sulskis,S (2497)-Borbjerggaard,L (2375) San Marino 2006}) 11. O-O-O (11. f4 $16) 11... Bd7 (11... c6 $14) 12. g4 ({White should try} 12. f4 $16) 12... e6 ({Better is} 12... Bc6 $14) 13. h4 h6 14. Nh3 a5 (14... Qe7 $14) 15. g5 $16 hxg5 $2 (15... Nh5 $16 {might work better.}) 16. hxg5 $18 Nh5 {[%cal Bf6h5,Bh5g3,Bg3h1][%mdl 32] [#] Hoping for ...Ng3.} 17. a4 $2 (17. g6 $1 $18 {[%mdl 512]}) 17... Ng3 $1 $17 {[%csl LRe2,LRh1][%mdl 64] Double Attack} 18. Qe5 (18. Qg2 $17 Nxh1 19. Rxh1) 18... Nxh1 $19 19. Rxh1 Rg8 $2 {[#]} (19... c6 $19 {White must now prevent ...b5!} 20. f4 Qe7) 20. g6 $1 $36 {[%mdl 2560] And now gxf7+ would win. White is in control.} Bd6 $2 {[%mdl 8192]} (20... f6 $16 21. Qe4 Rh8) (20... fxg6 21. Qe4) 21. gxf7+ $18 Kxf7 {[#]} 22. Qf5+ (22. Bxe6+ $142 $1 {[%mdl 512]} Bxe6 23. Ng5+ Qxg5 24. Qxg5) 22... Ke8 $2 (22... Ke7 23. Re1 Qf8) 23. Qg6+ Kf8 24. Ng5 {[%csl Gg5][%cal Rg6f7]} Qe7 25. Nh7# {Accuracy: White = 41%, Black = 13%.} 1-0